| 000 | 00717nam a2200277Ia 4500 | ||
|---|---|---|---|
| 003 | OSt | ||
| 005 | 20221007110355.0 | ||
| 006 | a|||||r|||| 00| 0 | ||
| 007 | ta | ||
| 008 | 221006b |||||||| |||| 00| 0 eng d | ||
| 020 | _a0406080410 | ||
| 024 | _a21,001 | ||
| 037 | _cTextual | ||
| 040 |
_aLCO _cLCO _beng |
||
| 041 |
_2eng _aeng |
||
| 082 | _aZk2,N, L1 | ||
| 100 |
_aSaunders J.B. Ed. _9707393 |
||
| 245 | 0 |
_aWords and Phrases _b Legally Defined |
|
| 250 | _a2nd | ||
| 260 |
_aLondon _bButterworths U.K. _c1971 |
||
| 300 | _a83 | ||
| 500 | _aSupplement | ||
| 650 |
_aWORDS AND PHRASES _9707394 |
||
| 942 |
_hZk2,N, L1 _cTEXL |
||
| 999 |
_c1190564 _d1190564 |
||